000 00792nam a22001337a 4500
999 _c533193
_d533193
008 260429b ||||| |||| 00| 0 eng d
100 _aCorrea, Romar
_960310
245 _aImaginaries and coercion in climate change finance
260 _aEconomic & Political Weekly
300 _a61(11), Mar 14, 2026: p.10-13
520 _aThe people are breaking the fetters of their imagination and envisioning ecologically kind futures. Sooner rather than later, central bankers will have to learn that they cannot hit two targets, financial stability and inflation employment, with a short-term interest rate.-Reproduced https://www.epw.in/journal/2026/11/h-t-parekh-finance-column/imaginaries-and-coercion-climate-change-finance.html
773 _aEconomic & Political Weekly
942 _cAR